000 00806cam a22002411a 4500
001 ne 67001558
003 DLC
005 20260227111834.0
008 851118s1966 iq b f000 0 ara
010 _ane 67001558
035 _a(OCoLC)12814213
040 _aDLC
_cWaU
_dWaU
_dDLC
043 _aa-iq---
050 0 0 _aGR295.I7
_bA7
100 1 _aʻAlwachī, ʻAbd al-Ḥamīd.
245 1 0 _aMin turāthinā al-shaʻbī /
_ctaʼlīf ʻAbd al-Ḥamīd al-ʻAlwajī.
260 _aBaghdād :
_bMudīrīyat al-Funūn wa-al-Thaqāfah al-Shaʻbīyah fī Wizārat al-Thaqāfah wa-al-Irshād,
_c1966.
300 _a243 p. ;
_c22 cm.
490 0 _aal-Silsilah al-thaqāfīyah ;
_v13
504 _aIncludes bibliographical references.
650 0 _aFolklore
_zIraq.
651 0 _aIraq
_xSocial life and customs.
999 _c49777
_d49777